00359 2200157 4500001002100000005001500021035002000036245004900056100001300105300000800118260002900126082000800155084001400163990001200177990001200189INLIS00000000000223620250527020143 a0010-05250005281 aWahai Wanita Merekalah Teladanmu /cAA Navis0 aAA Navis a304 aJakarta :bKompas,c2004 a813 a813 AA w a0712558 a0712559